000 00355nam a2200145Ia 4500
005 20240807062227.0
008 240806s9999||||xx |||||||||||||| ||eng||
041 _aeng
100 _aDr. Dharmveer
245 0 _aKaveer nai sadi me (teen) /
_cDr. Dharmveer
260 _bVani Prakashan Delahi
300 _a184
650 _aGeneral Studies
942 _cBK
999 _c12382
_d12382